MARC

LEADER 00000nam0a2200000 4500
001 261654
005 20231101233601.0
020 |a RU  |b 84-77973 
035 |a (RuTPU)RU\TPU\book\284635 
090 |a 261654 
100 |a 20140526d1984 k y0rusy5003 ca 
101 0 |a rus 
102 |a RU 
105 |a a z 001zy 
200 1 |a Теплофизические свойства метастабильных систем  |e сборник статей  |f Академия наук СССР (АН СССР), Уральский научный центр (УНЦ) ; отв. ред. А. Е. Галашев 
210 |a Свердловск  |c Изд-во УНЦ АН СССР  |d 1984 
215 |a 110 с.  |c ил. 
606 1 |a Метастабильные системы  |x (теплофизика)  |2 stltpush  |3 (RuTPU)RU\TPU\subj\43424  |9 62927 
610 1 |a метастабильные системы 
610 1 |a теплофизические свойства 
610 1 |a парадокс Гиббса 
610 1 |a статистическая механика 
610 1 |a термодинамическая устойчивость 
610 1 |a парообразование 
610 1 |a вскипание 
675 |a 536.423  |v 3 
702 1 |a Галашев  |b А. Е.  |4 340 
712 0 2 |a Академия наук СССР (АН СССР)  |b Уральский научный центр (УНЦ)  |2 stltpush  |3 (RuTPU)RU\TPU\col\3284 
801 0 |a RU  |b RuMRKP  |c 19950704  |g psbo 
801 1 |a RU  |b 63413507  |c 20140526 
801 2 |a RU  |b 63413507  |c 20190606  |g RCR 
942 |c BK